Exploring Spoken English (Record no. 1144)

MARC details
000 -LEADER
fixed length control field 00214nam a22000857a 4500
003 - CONTROL NUMBER IDENTIFIER
control field OSt
005 - DATE AND TIME OF LATEST TRANSACTION
control field 20170830154241.0
008 - FIXED-LENGTH DATA ELEMENTS--GENERAL INFORMATION
fixed length control field 160629b xxu||||| |||| 00| 0 eng d
020 ## - INTERNATIONAL STANDARD BOOK NUMBER
International Standard Book Number 9788176485098
040 ## - CATALOGING SOURCE
Transcribing agency BOOK
100 ## - MAIN ENTRY--PERSONAL NAME
9 (RLIN) 1385
Personal name Sarada, M
245 ## - TITLE STATEMENT
Title Exploring Spoken English
260 ## - PUBLICATION, DISTRIBUTION, ETC. (IMPRINT)
Place of publication, distribution, etc. DELHI
Name of publisher, distributor, etc. KIRAN
Date of publication, distribution, etc. 2004
942 ## - ADDED ENTRY ELEMENTS (KOHA)
Source of classification or shelving scheme Dewey Decimal Classification
Koha item type BOOK
Holdings
Withdrawn status Lost status Source of classification or shelving scheme Damaged status Not for loan Home library Current library Shelving location Date acquired Total Checkouts Full call number Barcode Date last seen Price effective from Koha item type
    Dewey Decimal Classification     Good Samaritan School Library Good Samaritan School Library English 06/29/2016   SAR402 B-5 SAR1923 06/29/2016 06/29/2016 BOOK

Powered by Koha